|
|
|
|
| LEADER |
00000nas a2200000 4500 |
| 001 |
ssj0012642 |
| 003 |
WaSeSS |
| 005 |
20200512172242.0 |
| 006 |
m d |
| 007 |
cr n |
| 008 |
750901d19692012mauqr p ss f0 a0eng c |
| 010 |
|
|
|a 71010551
|
| 016 |
7 |
|
|a 014664100
|2 DE-101
|
| 016 |
7 |
|
|a 855950-8
|2 DE-600
|
| 016 |
7 |
|
|a 012420794
|2 Uk
|
| 022 |
|
|
|l 0548-4448
|y 0548-4448
|
| 035 |
|
|
|a (WaSeSS)ssj0012642
|
| 040 |
|
|
|a MUL
|b eng
|c MUL
|d YUS
|d UCU
|d DLC
|d NSD
|d AIP
|d NSD
|d HUL
|d IUL
|d HUL
|d NSD
|d NST
|d MYG
|d HUL
|d OCL
|d NST
|d MYG
|d SYS
|d OCLCQ
|d CUI
|d TJC
|d GUA
|d OCLCQ
|d GBVCP
|d UKMGB
|d COD
|d OCLCF
|d GUA
|d GILDS
|d OCLCO
|d OCLCQ
|d WaSeSS
|
| 042 |
|
|
|a pcc
|a nsdp
|
| 043 |
|
|
|a n-usn--
|
| 050 |
0 |
0 |
|a HA218
|b .N53
|
| 082 |
0 |
4 |
|a 330.974
|
| 210 |
0 |
|
|a New Engl. econ. indic.
|
| 222 |
|
0 |
|a New England economic indicators
|
| 245 |
0 |
0 |
|a New England economic indicators
|h [electronic resource].
|
| 246 |
3 |
0 |
|a Economic indicators
|
| 260 |
|
|
|a [Boston]
|b Federal Reserve Bank of Boston.
|
| 310 |
|
|
|a Quarterly,
|b 2nd quarter 2009-4th quarter 2012
|
| 321 |
|
|
|a Monthly,
|b 1969-June 1986
|
| 321 |
|
|
|a Quarterly,
|b 3rd quarter 1986-1st quarter 1990
|
| 321 |
|
|
|a Monthly,
|b Nov. 1990-Mar. 2009
|
| 362 |
0 |
|
|a Sept. 1969-4th quarter 2012.
|
| 506 |
|
|
|a License restrictions may limit access.
|
| 580 |
|
|
|a Complemented by: New England economic indicators monthly update, 1987-90.
|
| 650 |
|
7 |
|a Economic history.
|2 fast
|0 (OCoLC)fst00901974
|
| 651 |
|
0 |
|a New England
|v Statistics
|v Periodicals.
|
| 651 |
|
0 |
|a New England
|x Economic conditions
|v Periodicals.
|
| 651 |
|
7 |
|a New England.
|2 fast
|0 (OCoLC)fst01241913
|
| 655 |
|
0 |
|a Electronic journals.
|
| 710 |
2 |
|
|a Federal Reserve Bank of Boston.
|
| 787 |
1 |
|
|t New England economic indicators monthly update
|g 1987-1990
|x 0895-5662
|w (DLC)sn 87001867
|w (OCoLC)16522065
|
| 850 |
|
|
|a AzTeS
|a CaAEU
|a DLC
|a ICU
|a InU
|a MCM
|a MChB
|a MH-Ed
|a MH-Hi
|a MH-Lm
|a MdBJ
|a NvU
|
| 853 |
2 |
2 |
|8 1
|a (year)
|b (month)
|u 12
|v r
|w m
|x 01
|
| 853 |
2 |
2 |
|8 2
|a (year)
|b +qtr.
|u 4
|v r
|w q
|x 01
|
| 856 |
4 |
0 |
|z Full text available from Research Library: 03/01/1998 to present
|u https://search.proquest.com/publication/35478
|
| 863 |
4 |
0 |
|8 1
|a <1969>
|b <Sept.>-
|x provisional
|
| 863 |
4 |
0 |
|8 2
|a <1986>
|b <3>-
|x provisional
|